[Event "Oz.com qual blitz"]
[Site "ICC INT"]
[Date "2000.03.05"]
[Round "6"]
[White "Aigner, Michael"]
[Black "Arnarsson, Hrannar"]
[Result "0-1"]
[WhiteElo "2054"]
[BlackElo "2035"]
[PlyCount "68"]
[EventDate "2000.03.05"]
[EventType "swiss (blitz)"]
[EventRounds "9"]
[EventCountry "USA"]
[SourceTitle "EXT 2001"]
[Source "ChessBase"]
[SourceDate "2000.11.22"]
[SourceVersion "1"]
[SourceVersionDate "2000.11.22"]
[SourceQuality "1"]

1. f4 Nf6 2. Nf3 d6 3. Nc3 Nc6 4. e4 e5 5. Bc4 Na5 6. Be2 Be7 7. 0-0 exf4 8. d4 d5 9. Bxf4 Nxe4 10. Ne5 0-0 11. Bd3 f5 12. Ne2 g5 13. Bd2 Nc6 14. Nxc6 bxc6 15. Ng3 Nxg3 16. hxg3 Bd6 17. Qf3 Qf6 18. c3 Bd7 19. Rae1 Rf7 20. Re2 Raf8 21. Ref2 h6 22. b4 Kg7 23. Re2 Rh8 24. a4 h5 25. Qe3 g4 26. Qf2 h4 27. Bf4 hxg3 28. Qxg3 Bxf4 29. Qxf4 Qh4 30. Qxc7 f4 31. Qe5+ Kg8 32. Rxf4 Qh2+ 33. Kf1 Qxf4+ 34. Ke1 Qc1# 0-1

[Event "Oz.com qual blitz"]
[Site "ICC INT"]
[Date "2000.03.05"]
[Round "7"]
[White "Arnarsson, Hrannar"]
[Black "Lakdawala, Cyrus"]
[Result "0-1"]
[WhiteElo "2035"]
[BlackElo "2441"]
[PlyCount "48"]
[EventDate "2000.03.05"]
[EventType "swiss (blitz)"]
[EventRounds "9"]
[EventCountry "USA"]
[SourceTitle "EXT 2001"]
[Source "ChessBase"]
[SourceDate "2000.11.22"]
[SourceVersion "1"]
[SourceVersionDate "2000.11.22"]
[SourceQuality "1"]

1. e4 Nf6 2. Nc3 d5 3. e5 Nfd7 4. d4 e6 5. Bd3 c5 6. Nf3 cxd4 7. Nxd4 Nxe5 8. 0-0 Nbc6 9. Bb5 Bd7 10. Nxc6 bxc6 11. Be2 Be7 12. Bf4 Ng6 13. Bg3 0-0 14. Re1 e5 15. Bh5 f6 16. Bxg6 hxg6 17. Nxd5 cxd5 18. Qxd5+ Rf7 19. Rad1 Bf8 20. Re3 Qe8 21. Bxe5 Be6 22. Qe4 fxe5 23. Qxe5 Re7 24. Qg5 Bf5 0-1

[Event "Reykjavik City-ch"]
[Site "Reykjavik"]
[Date "2000.??.??"]
[Round "1"]
[White "Bjornsson, Sigurbjorn"]
[Black "Arnarsson, Hrannar"]
[Result "1-0"]
[WhiteElo "2282"]
[BlackElo "2035"]
[PlyCount "67"]
[EventDate "2000.??.??"]
[EventType "swiss"]
[EventRounds "4"]
[EventCountry "ISL"]
[SourceTitle "EXT 2001"]
[Source "ChessBase"]
[SourceDate "2000.11.22"]
[SourceVersion "1"]
[SourceVersionDate "2000.11.22"]
[SourceQuality "1"]

1. e4 e6 2. d4 d5 3. Nc3 Nf6 4. Bg5 Be7 5. e5 Nfd7 6. Bxe7 Qxe7 7. Qd2 a6 8. f4 c5 9. Nf3 Nc6 10. dxc5 Nxc5 11. 0-0-0 b5 12. Bd3 Bb7 13. Kb1 Rd8 14. Rhe1 0-0 15. Ne2 Ne4 16. Qe3 Na5 17. Ng3 Nc4 18. Bxc4 Nxg3 19. Bd3 Ne4 20. Nd4 Rd7 21. f5 exf5 22. Nxf5 Qe6 23. Bxe4 dxe4 24. Rxd7 Qxd7 25. Qg5 f6 26. Qg4 Kh8 27. e6 Qc7 28. e7 Rg8 29. Rd1 g6 30. Qh4 Qe5 31. Nh6 Qxe7 32. Rd7 g5 33. Rxe7 gxh4 34. Nxg8 1-0